Culture générale - poésie - Statistiques

Statistiques générales
  • Ce quiz a été pris 402 fois
  • Le résultat moyen est 3 sur 10
Statistiques - réponses
Questions Réponses % Correct
Qui a écrit : Le loup et l'agneau? Jean de La fontaine
96%
Comment s'appelle un poème écrit sans vers? Prose
59%
Quel est le type de poème le plus répandu? Le Sonnet
55%
Compléter le célèbre vers : Tu seras ... mon fils Un Homme
34%
Comment s'appelle un vers de 12 pieds? Un Alexandrin
24%
Qui était dans la tombe, et regardait Caïn? L’œil
21%
Comment le dormeur du val sourit il? Comme un enfant malade
14%
Que prennent des hommes d'équipage pour s'amuser? Un albatros
14%
Qui à écrit le poème : Le pont? Victor Hugo
12%
Dans le récit de Rodrigue, pourquoi le combat cessa t-il? Faute de combattants
8%
Aucun quiz correspondant
Distribution des résultats
% des personnes avec chaque résultat
Percentile par nombre de réponses
Votre historique - résultats
Vous n’avez pas pris ce quiz